British Geographic Groups - Extreme - Statistics

General Stats
  • This quiz has been taken 402 times
    304 since last reset
  • The average score is 96 of 170
Answer Stats
Group Answer % Correct
Top immigrant nationalities Irish
98%
Crown dependencies and their capitals | Largest islands† Isle of Man
98%
Constituent countries and their capitals | Largest urban areas | Official cities since time immemorial London
98%
Constituent countries and their capitals Wales
98%
Ancient universities | Constituent countries and their capitals Edinburgh
97%
Constituent countries and their capitals England
97%
Bordering countries Ireland
97%
Constituent countries and their capitals Northern Ireland
97%
Constituent countries and their capitals Scotland
97%
Constituent countries and their capitals Belfast
96%
Constituent countries and their capitals Cardiff
95%
Busiest airports | Largest urban areas Manchester
94%
Largest urban areas Birmingham
92%
Crown dependencies and their capitals Jersey
91%
Ancient universities Cambridge
90%
Largest urban areas Liverpool
90%
Ancient universities Oxford
90%
Crown dependencies and their capitals Guernsey
89%
Top immigrant nationalities Indian
89%
Longest rivers Thames
89%
Recognised regional languages Irish
88%
Ancient universities | Largest urban areas Glasgow
87%
Busiest airports Heathrow
87%
Largest urban areas Leeds
86%
Recognised regional languages Scottish Gaelic
85%
Recognised regional languages Welsh
84%
Top immigrant nationalities Pakistani
82%
National patron saints Saint George
82%
National highest points Ben Nevis
81%
Official residences of Charles III Buckingham Palace
81%
Largest urban areas Newcastle
81%
Official cities since time immemorial York
81%
Largest lakes Loch Ness
80%
National flowers Rose
79%
National patron saints Saint Patrick
78%
Largest urban areas Sheffield
78%
Bordering countries Spain
78%
Other overseas territories British Antarctic Territory
77%
National patron saints Saint Andrew
77%
Recognised regional languages Cornish
76%
Busiest airports Gatwick
76%
Largest urban areas Southampton
76%
Busiest ferry ports Dover
74%
Largest islands† Isle of Wight
74%
Longest rivers Severn
74%
Overseas territories and their capitals* Bermuda
72%
Overseas territories and their capitals* Falkland Islands
71%
National patron saints Saint David
71%
Counties of Northern Ireland Derry
70%
Largest urban areas Nottingham
70%
Overseas territories and their capitals* British Virgin Islands
68%
Overseas territories and their capitals* Gibraltar
68%
Busiest airports Luton
68%
National highest points Snowdon
68%
Official residences of Charles III Windsor Castle
67%
Top immigrant nationalities Polish
66%
Crown dependencies and their capitals Douglas
65%
National parks Lake District
65%
Busiest ferry ports Portsmouth
65%
Largest islands† Isle of Skye
64%
Largest islands† Mainland (Shetland)
64%
Official cities since time immemorial Bath
63%
Largest islands† Great Britain
62%
Largest lakes Loch Lomond
62%
Largest islands† Mainland (Orkney)
62%
National flowers Thistle
62%
Overseas territories and their capitals* Brades
60%
National parks Loch Lomond and The Trossachs
59%
Recognised regional languages Scots
59%
Anglo-Saxon Heptarchy Wessex
59%
Overseas territories and their capitals* Cayman Islands
57%
National flowers Daffodil
57%
Busiest ferry ports Hull
57%
Overseas territories and their capitals* Saint Helena, Ascension and Tristan da Cunha
57%
Anglo-Saxon Heptarchy Essex
56%
Busiest airports Stansted
56%
Ancient universities Aberdeen
55%
Counties of Northern Ireland Armagh
55%
Official residences of Charles III Balmoral Castle
55%
Official cities since time immemorial Winchester
55%
Recognised regional languages Manx
54%
National parks Peak District
53%
Overseas territories and their capitals* Anguilla
52%
Other overseas territories British Indian Ocean Territory
52%
Official cities since time immemorial Norwich
52%
National parks Snowdonia
52%
Anglo-Saxon Heptarchy Sussex
52%
Largest islands† Anglesey
51%
Bordering countries Cyprus
51%
Longest rivers Trent
51%
Official cities since time immemorial Canterbury
49%
Official cities since time immemorial Coventry
49%
National flowers Shamrock
49%
Overseas territories and their capitals* Pitcairn Islands
48%
Ancient universities St Andrews
48%
Official cities since time immemorial Lincoln
46%
Overseas territories and their capitals* Montserrat
46%
Overseas territories and their capitals* Stanley
46%
Overseas territories and their capitals* Turks and Caicos Islands
46%
National parks Dartmoor
45%
Official cities since time immemorial Durham
45%
Largest islands† Lewis and Harris
45%
Anglo-Saxon Heptarchy Mercia
45%
Official cities since time immemorial Exeter
44%
Counties of Northern Ireland Antrim
43%
Official residences of Charles III Sandringham House
43%
Other overseas territories South Georgia and the South Sandwich Islands
43%
Anglo-Saxon Heptarchy East Anglia
42%
National parks Brecon Beacons
41%
Anglo-Saxon Heptarchy Kent
41%
Anglo-Saxon Heptarchy Northumbria
41%
Top immigrant nationalities Romanian
41%
Crown dependencies and their capitals St Helier
41%
National parks Exmoor
40%
Counties of Northern Ireland Down
39%
Largest islands† Isle of Mull
39%
Overseas territories and their capitals* Akrotiri and Dhekelia
38%
Largest lakes Lough Neagh
38%
National parks North York Moors
38%
Official cities since time immemorial Salisbury
38%
National highest points Scafell Pike
38%
Largest islands† South Georgia
38%
Official cities since time immemorial Worcester
38%
Official cities since time immemorial Ely
36%
National parks South Downs
35%
National parks Yorkshire Dales
35%
Crown dependencies and their capitals St Peter Port
34%
Official cities since time immemorial Carlisle
33%
Official cities since time immemorial Chichester
32%
Counties of Northern Ireland Fermanagh
32%
National parks New Forest
32%
Official cities since time immemorial Hereford
31%
Counties of Northern Ireland Tyrone
31%
National parks Cairngorms
30%
Longest rivers Great Ouse
30%
Overseas territories and their capitals* Hamilton
30%
National parks Northumberland
30%
Largest islands† Isle of Arran
29%
Official cities since time immemorial Wells
28%
Longest rivers Wye
28%
National parks The Broads
27%
Busiest ferry ports Holyhead
26%
Largest islands† Islay
24%
National parks Pembrokeshire Coast
24%
Official cities since time immemorial Bangor
23%
Busiest ferry ports Harwich
23%
Official cities since time immemorial Lichfield
23%
Official residences of Charles III Palace of Holyroodhouse
21%
Largest islands† East Falkland
20%
Overseas territories and their capitals* George Town
20%
Overseas territories and their capitals* Jamestown
20%
Largest islands† West Falkland
20%
Overseas territories and their capitals* Adamstown
19%
Largest islands† Jura
19%
Overseas territories and their capitals* Road Town
16%
Overseas territories and their capitals* The Valley
14%
Official residences of Charles III Clarence House
12%
Overseas territories and their capitals* Cockburn Town
12%
National highest points Slieve Donard
10%
Overseas territories and their capitals* Episkopi
6%
Official residences of Charles III Hillsborough Castle
6%
Largest lakes Loch Awe
5%
Largest lakes Lough Erne
5%
No matching quizzes found
Score Distribution
Percent of People with Each Score
Percentile by Number Answered
Your Score History
You have not taken this quiz since the last reset